header

Born again (Record no. 219801)

MARC details
000 -LEADER
fixed length control field 01443nam a2200373 a 4500
100 1# - MAIN ENTRY--AUTHOR NAME
Personal name Butler, Jennifer S.
245 10 - TITLE STATEMENT
Title Born again
260 ## - PUBLICATION, DISTRIBUTION, ETC. (IMPRINT)
Place of publication London ;
-- Ann Arbor, Mich. :
Name of publisher Pluto Press,
Year of publication 2006.
300 ## - PHYSICAL DESCRIPTION
Number of Pages vii, 215 p.
650 #0 - SUBJECT ADDED ENTRY--TOPICAL TERM
Topical Term Christianity and international relations.
Topical Term Christian conservatism.
Topical Term Religious right.
Topical Term Non-governmental organizations
856 40 - ELECTRONIC LOCATION AND ACCESS
Uniform Resource Identifier http://site.ebrary.com/lib/rucke/Doc?id=10479826

No items available.

© 2026 Rongo University
Contact us: librarian | system librarian | Rongo university